000 00966nam a2200277Ia 4500
003 OSt
005 20220930092711.0
006 a|||||r|||| 00| 0
007 ta
008 220926b |||||||| |||| 00| 0 eng d
024 _a23889
037 _cTheses
040 _aCRL
_cCRL
_beng
041 _2eng
_aeng
100 _aManoj Kumar
_9405412
110 _aUniversity OF Delhi. Faculty OF Medical Sciences. Department OF General Medicine
_9544737
245 0 _aStudy of myopathy and underlying factors in patients taking atorvastatin
260 _c2014
650 _aMEDICINE
700 _a Dr. A. K. Tripathi Gu.
_9537086
700 _a Dr. Amitesh Aggarwal Gu.
_9549512
700 _a Dr. S. V. Madhu Gu.
_9532943
700 _aUniversity OF Delhi. Faculty OF Medical Sciences. Department OF General Medicine
_9544739
942 _cDIS
_2CC
999 _c884174
_d884174